Principes de science des finances / (Record no. 113399)

MARC details
000 -LEADER
campo de control de longitud fija 00696nam a2200217 4500
001 - NÚMERO DE CONTROL
campo de control 113399
003 - IDENTIFICADOR DE NÚMERO DE CONTROL
campo de control ES-MaACL
005 - FECHA Y HORA DE LA ÚLTIMA TRANSACCIÓN
campo de control 20230906185857.0
007 - CAMPO FIJO DE DESCRIPCIÓN FÍSICA--INFORMACIÓN GENERAL
campo de control de longitud fija t|
008 - DATOS DE LONGITUD FIJA--INFORMACIÓN GENERAL
campo de control de longitud fija 061121s1904 fr r ||||1| fre d
100 1# - ENTRADA PRINCIPAL--NOMBRE DE PERSONA
Nombre de persona Nitti, Francesco Saverio (
Fechas asociadas al nombre 1868-1953)
9 (RLIN) 130500
245 10 - MENCIÓN DEL TÍTULO
Título Principes de science des finances /
Mención de responsabilidad, etc. Francesco Nitti ; Avec une préface de A. Wahl ; Traduction Française de J. Chamard.
260 ## - PUBLICACIÓN, DISTRIBUCIÓN, ETC.
Lugar de publicación, distribución, etc. Paris :
Nombre del editor, distribuidor, etc. [s.n.],
Fecha de publicación, distribución, etc. 1904 (
Fabricante A. Burdin et Cie)
300 ## - DESCRIPCIÓN FÍSICA
Extensión XXX, 749 p. ;
Dimensiones 22 cm.
490 1# - MENCIÓN DE SERIE
Mención de serie Droit public
700 1# - ENTRADA AGREGADA--NOMBRE PERSONAL
Nombre de persona Wahl, A.
9 (RLIN) 115859
700 1# - ENTRADA AGREGADA--NOMBRE PERSONAL
Nombre de persona Chamard, J.
9 (RLIN) 37841
830 0# - PUNTO DE ACCESO ADICIONAL DE SERIE-TÍTULO UNIFORME
Título uniforme Droit public
9 (RLIN) 233188
852 ## - LOCALIZACIÓN
Ubicación ES-MaACL
Número de control de estantería F-3100
Holdings
Estatus retirado Estado de pérdida Estado de daño No para préstamo Biblioteca de origen Biblioteca actual Ubicación en estantería Fecha de adquisición Fuente de adquisición Total de préstamos Signatura topográfica completa Código de barras Visto por última vez Precio de reemplazo Tipo de ítem Koha
        Biblioteca del Ateneo de Madrid Biblioteca del Ateneo de Madrid Depósito 2 17/01/2008     F-3100 1118274 23/02/2023 23/02/2023 Libro impreso